LEADER 00925nam a2200301 i 4500 001 991004367626207536 005 20250217141630.0 008 250217s1996 it er 001 0 ita d 020 $a8835941067 040 $aBibl. Dip.le Aggr. Studi Umanistici - Sez. Filosofia$bita$cSocioculturale Scs 041 1 $aita$hfre 082 04$a194$223 100 1 $aDescartes, René$0340660 240 10$aDiscours de la méthode$912998 245 10$aDiscorso sul metodo /$cCartesio ; a cura di Italo Cubeddu 250 $a3. ed. 260 $aRoma :$bEditori riuniti,$c1996 300 $a126 p. ;$c20 cm 490 1 $aLe idee ;$v9 500 $aTraduzione di Italo Cubeddu 650 4$aGnoseologia$xMetodi 650 4$aEpistemologia 650 4$aProve dell'esistenza di Dio 700 1 $aCubeddu, Italo 830 0$aLe idee ;$v9 912 $a991004367626207536 996 $aDiscours de la méthode$912998 997 $aUNISALENTO